00946nas a2200277Ia 4500001001600000003001000016008004100026040002500067041001300092100001700105210001500122222001500137245003200152250001100184260000900195501012300204300002100327362002400348500003000372650002500402700001700427942000700444957000600451999003300457952017800490A08/R097-51475 IT-MiCISF161014c99999999xx |||||||||||| ||und|| aIT-MiCISFcIT-MiCISF aITALIANO aMolari Carlo aMatrimonio aMatrimonio 0aLa convivenza. E la Chiesa? a1a ed. c2012 bCISF - Centro Internazionale Studi Famiglia - Via Giotto, 36 20145 MILANO (non commercial uses only)cCopyright 2016 app. 11-18, 25-26 an. 2, giugno [2012] a Tema: convivenza, chiesa amatrimoniovarticolo a Russo Nanni cCR 71 a51475bSig1c233596d233596 0010406A_08_000000000000000_R0975147571aCISFbCISFd2016-10-14l0oA08/R097-51475 r2016-10-14 00:00:00w2016-10-14yCRzData import 15.10.2016 / by Epidotti, Vaglietti